| 000 -LEADER |
| fixed length control field |
01542ccm a22003494a 4500 |
| 001 - CONTROL NUMBER |
| control field |
12034085 |
| 003 - CONTROL NUMBER IDENTIFIER |
| control field |
OSt |
| 005 - DATE AND TIME OF LATEST TRANSACTION |
| control field |
20170208113344.0 |
| 008 - FIXED-LENGTH DATA ELEMENTS--GENERAL INFORMATION |
| fixed length control field |
000608s1995 nyusgm r n eng |
| 010 ## - LIBRARY OF CONGRESS CONTROL NUMBER |
| LC control number |
00526276 |
| 020 ## - INTERNATIONAL STANDARD BOOK NUMBER |
| International Standard Book Number |
0022950621 (Teacher's edition, grade 6) |
| 020 ## - INTERNATIONAL STANDARD BOOK NUMBER |
| International Standard Book Number |
0022951369 (Teacher's edition, grade 6, Texas edition) |
| 024 3# - OTHER STANDARD IDENTIFIER |
| Standard number or code |
9780022950620 |
| Additional codes following the standard number or code |
99301 (Teacher's edition, grade 6) |
| 024 3# - OTHER STANDARD IDENTIFIER |
| Standard number or code |
9780022951369 |
| Additional codes following the standard number or code |
99301 (Teacher's edition, grade 6, Texas edition) |
| 028 32 - PUBLISHER NUMBER |
| Publisher number |
SM.293020 |
| Source |
Macmillan/McGraw-Hill |
| 040 ## - CATALOGING SOURCE |
| Original cataloging agency |
DLC |
| Transcribing agency |
DLC |
| 042 ## - AUTHENTICATION CODE |
| Authentication code |
pcc |
| 043 ## - GEOGRAPHIC AREA CODE |
| Geographic area code |
n-us--- |
| -- |
n-us-tx |
| 050 00 - LIBRARY OF CONGRESS CALL NUMBER |
| Classification number |
MT930 |
| Item number |
.S46 1995 |
| 245 00 - TITLE STATEMENT |
| Title |
Share the music / |
| Statement of responsibility, etc. |
coordinating authors, Judy Bond ... [et al.] ; authors, René Boyer-White ... [et al.]. |
| 260 ## - PUBLICATION, DISTRIBUTION, ETC. (IMPRINT) |
| Place of publication, distribution, etc. |
New York : |
| Name of publisher, distributor, etc. |
Macmillan/McGraw-Hill, |
| Date of publication, distribution, etc. |
c1995. |
| 300 ## - PHYSICAL DESCRIPTION |
| Extent |
1 score (3 v.) : |
| Other physical details |
ill. ; |
| Dimensions |
28-31 cm. + |
| Accompanying material |
11 sound discs (digital ; 4 3/4 in.) |
| 500 ## - GENERAL NOTE |
| General note |
Compact discs in container (29 x 14 x 17 cm.) |
| 505 0# - FORMATTED CONTENTS NOTE |
| Formatted contents note |
grade 6. Teacher's edition ; Teacher's edition : Texas edition ; Piano accompaniments : teacher's edition ; Compact discs. |
| 650 #0 - SUBJECT ADDED ENTRY--TOPICAL TERM |
| Topical term or geographic name as entry element |
School music |
| General subdivision |
Instruction and study |
| Geographic subdivision |
United States. |
| 650 #0 - SUBJECT ADDED ENTRY--TOPICAL TERM |
| Topical term or geographic name as entry element |
School music |
| General subdivision |
Instruction and study |
| Geographic subdivision |
Texas. |
| 650 #0 - SUBJECT ADDED ENTRY--TOPICAL TERM |
| Topical term or geographic name as entry element |
Music |
| General subdivision |
Instruction and study |
| Form subdivision |
Juvenile. |
| 700 1# - ADDED ENTRY--PERSONAL NAME |
| Personal name |
Bond, Judy. |
| 700 1# - ADDED ENTRY--PERSONAL NAME |
| Personal name |
Boyer-Alexander, René. |
| 906 ## - LOCAL DATA ELEMENT F, LDF (RLIN) |
| a |
7 |
| b |
cbc |
| c |
orignew |
| d |
2 |
| e |
ncip |
| f |
20 |
| g |
y-genmusic |
| 942 ## - ADDED ENTRY ELEMENTS (KOHA) |
| Source of classification or shelving scheme |
|
| Koha item type |
Hard Covered Materials |
| Classification part |
MT 7 .S53 1998 |